00615nam a22002297a 4500003000500000005001700005008004100022010000900063011000900072035000900081040000900090082001500099100002900114245006100143260002900204300003100233650002700264650002300291650002300314700002500337700002300362CHAP20220329133635.0971013s1989 r 00010 d a8903 a9875 a9111 cCHAP a633.51bF700aFrisbie, Raymond E.eed. aIntegrated pest management systems and cotton production aNew York :bWiley,c1989 a437 p.b: ilus. ; gráfs.14aAlgodonxEnfermedades.14aAlgodónxPlagas.14aControl de plagas.0 aEl-Zik, Kamal M.eed0 aWilson, L. Tedeed